Predstavujeme Korešpondenčnú školu Poradcu podnikateľa
Precvičovanie problematiky predkupného práva. Určenie hodnoty predkupného práva. Zvýšenie základného imania. Nákup nových akcií. Ilustračné príklady. Riešenia príkladov.
Uložené v:
| Hlavný autor: | |
|---|---|
| Médium: | Kapitola |
| Jazyk: | Slovak |
| Predmet: | |
| Tagy: |
Žiadne tagy, Buďte prvý, kto otaguje tento záznam!
|
MARC
| LEADER | 00000naa a2200000 4500 | ||
|---|---|---|---|
| 001 | r030805 | ||
| 005 | 20230809081206.2 | ||
| 041 | 0 | |a slo | |
| 044 | |a SK | ||
| 245 | 1 | 0 | |a Predstavujeme Korešpondenčnú školu Poradcu podnikateľa |c Štefan Cisko |
| 520 | |a Precvičovanie problematiky predkupného práva. Určenie hodnoty predkupného práva. Zvýšenie základného imania. Nákup nových akcií. Ilustračné príklady. Riešenia príkladov. | ||
| 610 | 2 | 0 | |a manažment finančný |
| 610 | 2 | 0 | |a financie podnikové |
| 610 | 2 | 0 | |a akcie |
| 610 | 2 | 0 | |a nákup |
| 610 | 2 | 0 | |a imanie základné |
| 610 | 2 | 0 | |a ceny trhové |
| 100 | 1 | |a Cisko, Štefan | |